CAAP '90 : Konf. 15th colloquium on tress in algebra and programming, Copenhagen, Denmark, 15.- 18. May 1990 /

Guardado en:
Detalles Bibliográficos
Otros Autores: Arnold, A (Compilador)
Formato: Libro
Lenguaje:inglés
Publicado: Berlin : Springer Verlag, 1990
Colección:Lecture Notes in Computer Science 431
Etiquetas: Agregar Etiqueta
Sin Etiquetas, Sea el primero en etiquetar este registro!

MARC

LEADER 00000nam a22000003a 4500
001 stu2092
005 20150617225619.0
008 920623s1990----gw------------------eng-d
040 |a STU  |b slo 
041 0 |a eng 
044 |a gw 
080 |a 519.68 
080 |a 519.172  |7 stu_us_auth*stu7843 
080 |a 061.3(08) 
100 1 |a Arnold, A  |4 com 
245 1 |a CAAP '90 :  |b Konf. 15th colloquium on tress in algebra and programming, Copenhagen, Denmark, 15.- 18. May 1990 /  |c Edit.: Arnold,A 
260 |a Berlin :  |b Springer Verlag,  |c 1990 
300 |a 284 s 
830 0 |a Lecture Notes in Computer Science  |v 431 
996 |c I*Z4285  |l I  |s A  |a 24  |w stu2092_0001